Normal view MARC view

Entry Personal Name

Number of records used in: 1

001 - CONTROL NUMBER

  • control field: 1187794

003 - CONTROL NUMBER IDENTIFIER

  • control field: OSt

005 - DATE AND TIME OF LATEST TRANSACTION

  • control field: 20260324132033.0

008 - FIXED-LENGTH DATA ELEMENTS

  • fixed length control field: 260324|| aca||aabn | a|a d

040 ## - CATALOGING SOURCE

  • Original cataloging agency: OSt
  • Transcribing agency: OSt

100 ## - HEADING--PERSONAL NAME

  • Personal name: Maja Bystrom; Stewart Personick; Moshe Kam; Valarie M. Arms; Bruce Eisenstein; Robert J. Loring; James E. Mitchell; Kimberly Chotkowski

670 ## - SOURCE DATA FOUND

  • Source citation: Work cat.: (OSt)1785486: Maja Bystrom; Stewart Personick; Moshe Kam; Valarie M. Arms; Bruce Eisenstein; Robert J. Loring; James E. Mitchell; Kimberly Chotkowski, Practical Engineering Design
Copyright @ Delhi University Library System